000 00656nam a2200241Ia 4500
003 OSt
005 20220926033852.0
006 a|||||r|||| 00| 0
007 ta
008 220923b |||||||| |||| 00| 0 eng d
037 _cGeneral Book
040 _aRTL
_cRTL
_beng
041 _2eng
_aeng
082 _aQ.2.N6, K3
100 _aBarth A
245 0 _aReligions of India
260 _aVaranasi
_bChowkhamba Sanskrit Series
_c1963
300 _axxiv,309p
_ccm.
490 _aChowkhamba Sanskrit Studies.25
700 _a Wood J Tr.
_9339645
942 _hQ.2.N6, K3
_cGB
_2CC
999 _c658139
_d658139